[Event "Madrid ch Veteranos 2015-2016"]
[Site "Madrid ESP"]
[Date "2016.01.21"]
[Round "9.24"]
[White "Benitez Cadenas, Luis Miguel"]
[Black "Suarez Mencia, Roberto"]
[Result "1-0"]
[WhiteElo "1681"]
[BlackElo "1454"]
[PlyCount "81"]
[EventDate "2016.01.11"]
[EventType "swiss"]
[EventRounds "9"]
[EventCountry "ESP"]
[Source "lmi"]
[SourceDate "2016.01.11"]

1. d4 Nf6 2. c4 g6 3. Nc3 d6 4. g3 Bg7 5. Bg2 O-O 6. Nf3 Nbd7 7. O-O c6 8. e4
e5 9. h3 a6 10. a4 Re8 11. d5 Nc5 12. Re1 Rb8 13. b4 Ncd7 14. dxc6 bxc6 15. b5
c5 16. Qxd6 Bf8 17. Qd3 Nb6 18. Qxd8 Rxd8 19. Bg5 Bg7 20. Nxe5 Re8 21. Nc6 Rb7
22. Rac1 axb5 23. cxb5 Rc7 24. a5 Nbd7 25. e5 Nxe5 26. Rxe5 Rxe5 27. Nxe5 h6
28. Be3 Ne8 29. Nc6 Rd7 30. Bxc5 Rd3 31. Ne7+ Kh7 32. Nxc8 Bxc3 33. Be4 Rd8 34.
Rxc3 Rxc8 35. Bd4 Rd8 36. Be3 Rd1+ 37. Kg2 Nd6 38. Bc6 Ra1 39. a6 Ra2 40. a7
Ra5 41. a8=Q 1-0

[Event "Madrid ch Veteranos 2015-2016"]
[Site "Madrid ESP"]
[Date "2016.01.21"]
[Round "9.26"]
[White "Beekhof Harmsen, Willen"]
[Black "Arroyo Fraile, Mario"]
[Result "0-1"]
[WhiteElo "1644"]
[BlackElo "1530"]
[PlyCount "108"]
[EventDate "2016.01.11"]
[EventType "swiss"]
[EventRounds "9"]
[EventCountry "ESP"]
[Source "lmi"]
[SourceDate "2016.01.11"]

1. Nf3 e6 2. g3 Nf6 3. Bg2 d5 4. c4 Nc6 5. b3 a5 6. a4 Bb4 7. O-O O-O 8. Bb2 d4
9. d3 e5 10. Na3 Re8 11. Nc2 Bc5 12. Ng5 h6 13. Ne4 Nxe4 14. Bxe4 Nb4 15. Nxb4
Bxb4 16. f4 exf4 17. Rxf4 c6 18. Qf1 Be6 19. Kh1 Be7 20. Bxd4 Bg5 21. Be3 Bxf4
22. gxf4 f5 23. Bf3 Qf6 24. Qg1 Rad8 25. Bb6 Rd7 26. d4 Bf7 27. Rd1 Ra8 28. d5
cxd5 29. Bd4 Qg6 30. Qxg6 Bxg6 31. Rg1 Kh7 32. e3 dxc4 33. bxc4 Ra6 34. h4 Be8
35. c5 Rg6 36. Rb1 Rg3 37. Bxb7 Rh3+ 38. Kg2 Rxh4 39. Bc8 Rf7 40. Kg3 Rg4+ 41.
Kh3 Bxa4 42. Ra1 Bd7 43. Bb7 a4 44. c6 Be6 45. Be5 Rf8 46. c7 Bc8 47. Bf3 Rg6
48. Bh5 Rc6 49. Rg1 g5 50. fxg5 f4+ 51. Kh4 Rg8 52. g6+ Rcxg6 53. Bxg6+ Rxg6
54. exf4 Rxg1 0-1

[Event "Madrid ch Veteranos 2015-2016"]
[Site "Madrid ESP"]
[Date "2016.01.21"]
[Round "9.28"]
[White "Sanchez Lucena, Juan"]
[Black "Rufo Yebra, Benito"]
[Result "1-0"]
[WhiteElo "1440"]
[BlackElo "1450"]
[PlyCount "97"]
[EventDate "2016.01.11"]
[EventType "swiss"]
[EventRounds "9"]
[EventCountry "ESP"]
[Source "lmi"]
[SourceDate "2016.01.11"]

1. d4 d5 2. Nf3 Bf5 3. Bg5 h6 4. Bh4 Nc6 5. e3 g5 6. Bg3 e6 7. a3 Nf6 8. Bb5
Bd6 9. Ne5 O-O 10. Nc3 Bxe5 11. dxe5 Nh5 12. Qxh5 Kh7 13. Bd3 Bg6 14. Bxg6+
fxg6 15. Qe2 Rf5 16. f4 Qe7 17. O-O Raf8 18. Na4 a6 19. b4 b5 20. Nc5 gxf4 21.
Rxf4 Nxe5 22. Rd1 Qd6 23. Rxf5 Rxf5 24. e4 Rf7 25. exd5 exd5 26. Qxe5 Qf8 27.
Re1 c6 28. Nxa6 Qc8 29. Qe6 Qg8 30. Nc5 d4 31. Qe8 Qxe8 32. Rxe8 Rf5 33. Be5 g5
34. Re7+ Kg8 35. Rg7+ Kf8 36. Ne6+ Ke8 37. Bxd4 g4 38. Rh7 g3 39. Ng7+ Kf7 40.
Nxf5+ Kg6 41. Rxh6+ Kxf5 42. Rxc6 Ke4 43. c3 Kd5 44. Rg6 gxh2+ 45. Kxh2 Kc4 46.
Rg5 Kb3 47. Rxb5 Kxa3 48. Ra5+ Kb3 49. b5 1-0

[Event "Madrid ch Veteranos 2015-2016"]
[Site "Madrid ESP"]
[Date "2016.01.21"]
[Round "9.29"]
[White "Folgar Lopez, Angel"]
[Black "Perez Ramos, Miguel Angel"]
[Result "1-0"]
[WhiteElo "1550"]
[BlackElo "1259"]
[PlyCount "57"]
[EventDate "2016.01.11"]
[EventType "swiss"]
[EventRounds "9"]
[EventCountry "ESP"]
[Source "lmi"]
[SourceDate "2016.01.11"]

1. d4 d5 2. Bf4 Nf6 3. Nf3 e6 4. e3 Be7 5. Bd3 c5 6. c3 c4 7. Bc2 Bd7 8. Nbd2
b5 9. a3 Bc6 10. Ne5 Bd6 11. h3 Ne4 12. Nxe4 dxe4 13. Qg4 g6 14. Bh2 Bf8 15.
Bxe4 Qd6 16. Qf3 Bxe4 17. Qxf7+ Kd8 18. Qf6+ Qe7 19. Qxh8 Qg7 20. Qxg7 Bxg7 21.
f3 Bb7 22. O-O Bxe5 23. Bxe5 Nd7 24. Rad1 Nxe5 25. dxe5+ Bd5 26. e4 Ke7 27.
exd5 Kd7 28. dxe6+ Kxe6 29. Rfe1 1-0